| 000 -LEADER |
| fixed length control field |
00814cam a2200241 a 4500 |
| 001 - CONTROL NUMBER |
| control field |
12028183 |
| 005 - DATE AND TIME OF LATEST TRANSACTION |
| control field |
20180202070700.0 |
| 008 - FIXED-LENGTH DATA ELEMENTS--GENERAL INFORMATION |
| fixed length control field |
000602s2000 mau 001 0 eng d |
| 010 ## - LIBRARY OF CONGRESS CONTROL NUMBER |
| LC control number |
00105183 |
| 020 ## - INTERNATIONAL STANDARD BOOK NUMBER |
| International Standard Book Number |
0738202304 |
| 035 ## - SYSTEM CONTROL NUMBER |
| System control number |
(OCoLC)ocm44881433 |
| 040 ## - CATALOGING SOURCE |
| Original cataloging agency |
DEF |
| Transcribing agency |
DEF |
| Modifying agency |
DPL |
| -- |
JYJ |
| -- |
DLC |
| 041 ## - LANGUAGE CODE |
| Language code of text/sound track or separate title |
eng |
| 042 ## - AUTHENTICATION CODE |
| Authentication code |
lccopycat |
| 080 ## - UNIVERSAL DECIMAL CLASSIFICATION NUMBER |
| Universal Decimal Classification number |
155.7 BUR |
| 082 00 - DEWEY DECIMAL CLASSIFICATION NUMBER |
| Classification number |
155.7 BUR |
| Edition number |
21 |
| 100 1# - Rafti |
| Rafti |
49 |
| 101 ## - Shkurtesa |
| Shkurtesa |
PSI |
| 245 10 - TITLE STATEMENT |
| Title |
Mean genes : |
| Statement of responsibility, etc |
Terry Burnham and Jay Phelan. |
| 906 ## - LOCAL DATA ELEMENT F, LDF (RLIN) |
| a |
7 |
| b |
cbc |
| c |
copycat |
| d |
2 |
| e |
ncip |
| f |
20 |
| g |
y-gencatlg |
| 942 ## - ADDED ENTRY ELEMENTS (KOHA) |
| Source of classification or shelving scheme |
|
| Item type |
Books |